| 000 | 00407nam a22001697a 4500 | ||
|---|---|---|---|
| 003 | SGT | ||
| 020 | _a978038796147X | ||
| 082 |
_a612.8 _bF85S |
||
| 100 | _aSCHMIDT, R.F. | ||
| 245 | _aFUNDAMENTALS OF NERUOPHYSIOLOGY | ||
| 250 | _a3RD | ||
| 260 |
_aNEW YORK _bSPRINGER- VERLAG PUB _c1985 |
||
| 300 | _a346 | ||
| 650 | _aHUMAN PHYSIOLOGY | ||
| 653 | _aFUNDAMENTALS OF NERUOPHYSIOLOGY | ||
| 942 |
_2ddc _cBK |
||
| 999 |
_c23770 _d23770 |
||